[Event "GRE-chT 41st"]
[Site "Achaia"]
[Date "2013.07.07"]
[Round "7.4"]
[White "Minas, Ioannis"]
[Black "Kanellopoulos, Georgios"]
[Result "1/2-1/2"]
[WhiteElo "2045"]
[BlackElo "2070"]
[PlyCount "157"]
[EventDate "2013.07.02"]
[EventType "team-swiss"]
[EventRounds "7"]
[EventCountry "GRE"]
[SourceTitle "CBM 155 Extra"]
[Source "ChessBase"]
[SourceDate "2013.08.26"]
[SourceVersion "1"]
[SourceVersionDate "2013.08.26"]
[SourceQuality "1"]
[WhiteTeam "Florinas OP"]
[BlackTeam "Patron CN"]
[WhiteTeamCountry "GRE"]
[BlackTeamCountry "GRE"]

1. d4 Nf6 2. Nf3 e6 3. c4 c5 4. d5 b5 5. Bf4 Bb7 6. e4 Nxe4 7. Bd3 exd5 8. cxd5 Nd6 9. 0-0 Be7 10. Bxd6 Bxd6 11. Re1+ Kf8 12. Bxb5 g6 13. Nc3 Kg7 14. Ne4 Be7 15. d6 Bf6 16. Nxc5 Qb6 17. Nxd7 Nxd7 18. Bxd7 Rad8 19. Qa4 Qxd6 20. Rad1 Qb6 21. Re3 Bxf3 22. Rxf3 Qxb2 23. Qxa7 Ra8 24. Qc7 Rhf8 25. a4 Be5 26. Qc4 Bf6 27. g3 Ra7 28. Rd6 Be5 29. Rd5 Bf6 30. Kg2 Qb6 31. Qd3 Rd8 32. Bb5 Rxd5 33. Qxd5 Rc7 34. Bc4 Ra7 35. g4 Qd4 36. Qxd4 Bxd4 37. a5 Rxa5 38. Rxf7+ Kh8 39. h4 Ra8 40. h5 gxh5 41. gxh5 Ra7 42. Rf8+ Kg7 43. Rd8 Bc5 44. Rc8 Bd4 45. Rc6 h6 46. Rg6+ Kh7 47. Bd3 Rg7 48. Rg4+ Kg8 49. Bg6 Bc5 50. Rc4 Rc7 51. f4 Kg7 52. Kf3 Kf6 53. Rc1 Bb6 54. Rd1 Bc5 55. Rd8 Kg7 56. Kg4 Be7 57. Ra8 Bf6 58. Be4 Re7 59. Bd5 Bc3 60. Kf5 Bd4 61. Ra2 Bc3 62. Rg2+ Kh7 63. Be4 Bg7 64. Rc2 Bd4 65. Bd5 Bg7 66. Rg2 Bd4 67. Bg8+ Kh8 68. Rd2 Bc3 69. Rd3 Bb2 70. Bc4 Kg7 71. Rg3+ Kh7 72. Rb3 Bd4 73. Bd3 Kg7 74. Rb4 Bc3 75. Rb6 Rf7+ 76. Ke4 Re7+ 77. Kd5 Rd7+ 78. Kc4 Bf6 79. Bb1 1/2-1/2

[Event "GRE-chT 41st"]
[Site "Achaia"]
[Date "2013.07.02"]
[Round "1.4"]
[White "Goumas, Georgios"]
[Black "Minas, Ioannis"]
[Result "1-0"]
[WhiteElo "2380"]
[BlackElo "2045"]
[PlyCount "93"]
[EventDate "2013.07.02"]
[EventType "team-swiss"]
[EventRounds "7"]
[EventCountry "GRE"]
[SourceTitle "CBM 155 Extra"]
[Source "ChessBase"]
[SourceDate "2013.08.26"]
[SourceVersion "1"]
[SourceVersionDate "2013.08.26"]
[SourceQuality "1"]
[WhiteTeam "Nice Fysiolatris"]
[BlackTeam "Florinas OP"]
[WhiteTeamCountry "GRE"]
[BlackTeamCountry "GRE"]

1. e4 e5 2. Nf3 Nc6 3. Bb5 f5 4. d3 fxe4 5. dxe4 Nf6 6. 0-0 d6 7. Qd3 Be7 8. Nc3 0-0 9. Qc4+ Kh8 10. Bxc6 bxc6 11. Qxc6 Bd7 12. Qc4 Rb8 13. a4 c6 14. Qd3 Rb4 15. b3 Nxe4 16. Nxe4 d5 17. Nxe5 Rxe4 18. Nxd7 Qxd7 19. Ba3 Bxa3 20. Rxa3 Qe7 21. Raa1 Qc5 22. Rad1 Ref4 23. Rd2 Kg8 24. Re2 a5 25. Qe3 Qxe3 26. Rxe3 R8f6 27. f3 Rd4 28. Rfe1 Rd2 29. R3e2 Rxe2 30. Rxe2 Kf7 31. Kf2 Rf5 32. Re3 d4 33. Re2 Kf6 34. Ke1 Rh5 35. h3 Rc5 36. Kd2 Rc3 37. Re4 c5 38. Re8 g5 39. Ra8 c4 40. bxc4 Kf5 41. Rxa5+ Kf4 42. Rc5 h6 43. a5 Kg3 44. a6 Ra3 45. Rc6 Kxg2 46. Rb6 Kxf3 47. Rb3+ 1-0